| 000 | 00685nam a2200229 a 4500 | ||
|---|---|---|---|
| 001 | 75185 | ||
| 003 | BD-RjUL | ||
| 005 | 20211209082646.0 | ||
| 008 | 190129r19601931n a|||| i||| 001 0 eng d | ||
| 035 | _a(BD-RjUL)75403 | ||
| 040 |
_aBD-RjUL _beng _cBD-RjUL |
||
| 041 | _aeng | ||
| 082 |
_223 _a582.1303 _bWID 1960 |
||
| 100 | 1 |
_aWillis, J. C. _e(John Christopher) _9227501 |
|
| 245 | 1 | 1 |
_aA dictionary of the flowering plants and ferns / _cJ. C. Willis |
| 250 | _a6th. ed. | ||
| 260 |
_aLondon : _bCambridge University Press, _c1960 |
||
| 300 |
_axii, 752 p., xlviii : _b ill., _c19 cm. |
||
| 500 | _aIncludes Index | ||
| 650 |
_aPlants _vNomenclature. _9227502 |
||
| 942 |
_2ddc _cBK |
||
| 999 |
_c75185 _d75185 |
||